[Event "Davos Ski op"]
[Site "Davos"]
[Date "2023.12.17"]
[Round "5"]
[White "Hirzel, Martin"]
[Black "Allenbach, Silvan"]
[Result "1-0"]
[WhiteElo "1903"]
[BlackElo "1661"]
[PlyCount "73"]
[EventDate "2023.12.15"]
[EventType "swiss"]
[EventRounds "5"]
[EventCountry "SUI"]
[SourceTitle "CBM 217 Extra"]
[Source "ChessBase"]
[SourceDate "2024.01.31"]
[SourceVersion "1"]
[SourceVersionDate "2024.01.31"]
[SourceQuality "1"]

1. c4 e6 2. g3 Nf6 3. Bg2 d5 4. Nf3 Be7 5. 0-0 0-0 6. b3 c5 7. cxd5 exd5 8. d4 Nc6 9. Bb2 Be6 10. Nbd2 Rc8 11. Rc1 Qb6 12. dxc5 Bxc5 13. Bxf6 gxf6 14. Nb1 Ne5 15. e3 Ng4 16. Nd4 Ne5 17. Nc3 Qd8 18. Nce2 Qd7 19. Nf4 Ba3 20. Rxc8 Rxc8 21. Qd2 Kh8 22. Nfxe6 fxe6 23. Rd1 b6 24. Bh3 f5 25. Kg2 Rc5 26. Ne2 Kg8 27. Nf4 Qc8 28. Qd4 Ng4 29. Bxg4 fxg4 30. Nh5 Qf8 31. Qxg4+ Kh8 32. Qd4+ Kg8 33. Nf6+ Kf7 34. Nd7 Qh6 35. Nxc5 Bxc5 36. Qf4+ Qxf4 37. gxf4 1-0